Career directions new paths to your ideal career

Enregistré dans:
Détails bibliographiques
Auteur principal: YENA, Donna J.
Format: Livre
Langue:anglais
Publié: McGraw-Hill Education 2020
Tags: Ajouter un tag
Pas de tags, Soyez le premier à ajouter un tag!

MARC

LEADER 00000nam a22000007a 4500
008 230825b |||||||| |||| 00| 0 eng d
020 |a 9781260566222 
100 |a YENA, Donna J. 
245 |a Career directions  |b new paths to your ideal career  |c /Doana J. Yena  |g xxiii,322p;ill 
250 |b 7th 
260 |b McGraw-Hill Education  |c 2020  |h New York  |i 699640  |i 699641  |l HF5381.Ye3  |m Vocational guidance 
500 |a it includes index 
942 |a lcc  |c BK  |e Johnson  |f 25/08/23 
952 |0 0  |1 0  |2 lcc  |4 0  |6 HF5381 Y E3  |7 0  |9 4442  |a SSL  |b HOL  |c GJ  |d 2023-08-25  |l 0  |o HF5381.Ye3  |p 2023-0364  |r 2023-08-25 00:00:00  |t 699640  |w 2023-08-25  |y BK 
952 |0 0  |1 0  |2 lcc  |4 0  |6 HF5381 Y E3  |7 0  |9 4443  |a HOL  |b HOL  |c GJ  |d 2023-08-25  |l 0  |o HF5381.Ye3  |p 2023-0365  |r 2023-08-25 00:00:00  |t 699641  |w 2023-08-25  |y BK 
999 |c 2229  |d 2229